000 00502nam a2200205Ia 4500
003 0100
008 130303s9999 xx 000 0 und d
040 _cARRUPELIB
050 _aBT613.M286 1991
100 _aMacquarrie, John
245 _aMary for all christians
260 _aGrand Rapids, Michigan
260 _bWilliam B. Eerdmans Publishing Company
260 _C1991
300 _axiii
300 _b 160p. 23cm.
650 _bKimathi, Dedan
650 _cMau Mau
942 _2lcc
_01
999 _c66225
_d66225